Normal view
MARC view
- RAGAN, GEORGE L
Entry Personal Name
001 - CONTROL NUMBER
- control field: 73681
003 - CONTROL NUMBER IDENTIFIER
- control field: NUST
005 - DATE AND TIME OF LATEST TRANSACTION
- control field: 20210628205045.0
008 - FIXED-LENGTH DATA ELEMENTS
- fixed length control field: 210628|| aca||aabn | a|a d
040 ## - CATALOGING SOURCE
- Original cataloging agency: NUST
- Transcribing agency: NUST
100 ## - HEADING--PERSONAL NAME
- Personal name: RAGAN, GEORGE L
670 ## - SOURCE DATA FOUND
- Source citation: Work cat.: (NUST): RAGAN, GEORGE L, MICROWAVE TRANSMISSION CIRCUITS, 1948
